| 000 | 00742nam a2200217 i 4500 | ||
|---|---|---|---|
| 001 | 188637 | ||
| 003 | ES-MaACL | ||
| 005 | 20250824081509.0 | ||
| 007 | t| | ||
| 008 | 190116s1965 sp f |||| | spa d | ||
| 100 | 1 |
_aDürrenmatt, Friedrich ( _d1921-1990) _946322 |
|
| 245 | 1 | 0 |
_aFrank v. / _cFriedrich Dürrenmatt ; [traducción del alemán por Felix Formosa] ; prólogo y notas de Julio Diamante. |
| 260 |
_aBarcelona : _bAymá, _c1965. |
||
| 300 |
_a132 p., 4 lám. ; _c19 cm. |
||
| 490 | 1 |
_aVoz Imagen. _aSerie teatro ; _v6 |
|
| 700 | 1 |
_aFormosa, Feliu, _d1934- _951759 |
|
| 700 | 1 |
_aDiamante, Julio. _944096 |
|
| 830 | 0 | 0 |
_aVoz imagen. _pTeatro _v6 _9193124 |
| 852 |
_aES-MaACL _jP-295-Ter-5 |
||
| 999 |
_c188637 _d188637 |
||